Top 15 Most Dangerous Cities in Maryland - Statistics

General Stats
  • This quiz has been taken 21 times
  • The average score is 5 of 15
Answer Stats
Rate per 100,000 City % Correct
1,572.39 Baltimore
100%
673.46 Annapolis
67%
382.62 Frederick
52%
678.21 Hagerstown
52%
627.55 Cumberland
43%
667.95 Laurel
33%
1,101.71 Salisbury
33%
864.66 Elkton
24%
692.63 Greenbelt
24%
973.15 Hyattsville
24%
832.95 Aberdeen
19%
775.67 Cambridge
19%
389.22 Easton
19%
526.32 Takoma Park
14%
354.32 New Carrollton
5%
No matching quizzes found
Score Distribution
Percent of People with Each Score
Percentile by Number Answered
Your Score History
You have not taken this quiz